| 000 | 00699nam a2200193 i 4500 | ||
|---|---|---|---|
| 999 |
_c7587 _d7587 |
||
| 003 | OSt | ||
| 005 | 20211221131442.0 | ||
| 008 | 210521s2021 sp |||| | u0|| 0|spa d | ||
| 020 | _a9788441543911 | ||
| 040 |
_aB-UPV _bspa _cCDMR |
||
| 245 | 0 | 0 |
_aCurso especialista en publicidad digital y embudos de venta : _bel libro que te adentrará en una de las profesiones digitales más demandadas actualmente / _cMiguel Florido ... [et al.] |
| 260 |
_aMadrid : _bAnaya Multimedia, _c2021 |
||
| 300 |
_a375 p. : _bil. ; _c23 cm |
||
| 490 | 0 | _aSocial media | |
| 650 | 0 |
_aPublicitat _xInnovacions tecnològiques _9875 |
|
| 650 | 0 |
_aMàrqueting digital _94161 |
|
| 700 | 1 | _aFlorido, Miguel | |
| 942 |
_2udc _cMON |
||